000 00792 a2200205 4500
020 _a0764543105
040 _aDLC
_bDLC
082 0 0 _a005.446
100 1 _aLeBlanc, Dee-Ann.
245 1 0 _aLinux for dummies
_cDee-Ann LeBlanc.
250 _a5th ed.
260 _aHoboken, NJ :
_bWiley Pub.,
_cc2004.
300 _axviii, 382 p. :
_bill. ;
_c24 cm. +
_e1 CD-ROM (4 3/4 in.)
440 0 _a--For dummies
650 0 _aOperating systems (Computers)
856 4 2 _3Contributor biographical information
_uhttp://www.loc.gov/catdir/bios/wiley047/2003114873.html
856 4 2 _3Publisher description
_uhttp://www.loc.gov/catdir/description/wiley041/2003114873.html
856 4 2 _3Table of contents only
_uhttp://www.loc.gov/catdir/enhancements/fy0615/2003114873-t.html
942 _cBK
_k005.446 LEB
_2ddc
999 _c10013
_d10013